| 000 | 00914nam a22002537a 4500 | ||
|---|---|---|---|
| 005 | 20170123164151.0 | ||
| 010 | _aB-071438 | ||
| 020 | _c100.00 | ||
| 035 | _aB-071438 | ||
| 037 | _bCen Lib/Ret | ||
| 040 |
_aDPL _bPN |
||
| 082 |
_a852 _bਰਵਿੰਦ |
||
| 100 |
_aਰਵਿੰਦਰ ਰਵੀ _9128542 |
||
| 245 |
_aਚੋਕ ਨਾਟਕ : _cਰਵਿੰਦਰ ਰਵੀ _bਨਾਟਕ / |
||
| 246 |
_aChowk natak : round about play / _bby Ravindar Ravi |
||
| 260 |
_aਲੁਧਿਆਣਾ _bਚੇਤਨਾ ਪ੍ਰਕਾਸ਼ਨ _c2004 |
||
| 270 |
_aਪੰਜਾਬੀ ਮਹਲ _bਲੁਧਿਆਣਾ _e110006 |
||
| 300 |
_a135p ; _c20cm |
||
| 650 |
_aਪੰਜਾਬੀ -ਨਾਟਕ _9128543 |
||
| 650 |
_aਪੰਜਾਬੀ ਸਾਹਿਤ _9128544 |
||
| 650 |
_aPunjabi - literature _9781 |
||
| 650 |
_aPunjabi -- Play _97361 |
||
| 942 |
_2ddc _cPN _h852 _mਰਵਿੰਦ |
||
| 999 |
_c110360 _d110360 |
||